<?xml version="1.0" encoding="UTF-8"?>
<record
    xmlns:xsi="http://www.w3.org/2001/XMLSchema-instance"
    xsi:schemaLocation="http://www.loc.gov/MARC21/slim http://www.loc.gov/standards/marcxml/schema/MARC21slim.xsd"
    xmlns="http://www.loc.gov/MARC21/slim">

  <leader>00800nam a22001577a 4500</leader>
  <controlfield tag="003">OSt</controlfield>
  <controlfield tag="005">20151104152913.0</controlfield>
  <controlfield tag="008">151104b        xxu||||| |||| 00| 0 eng d</controlfield>
  <datafield tag="040" ind1=" " ind2=" ">
    <subfield code="c">RUA </subfield>
  </datafield>
  <datafield tag="082" ind1=" " ind2=" ">
    <subfield code="a">FOR NHE 1997 B123 Or.1</subfield>
  </datafield>
  <datafield tag="100" ind1=" " ind2=" ">
    <subfield code="9">3358</subfield>
    <subfield code="a">NHEM, TARARITH.</subfield>
  </datafield>
  <datafield tag="245" ind1=" " ind2=" ">
    <subfield code="a">An enviromental comparison industrial cashew farming with the waste natural forest along road N 4 and natural forest, &#x1780;&#x17B6;&#x179A;&#x1794;&#x17D2;&#x179A;&#x17C0;&#x1794;&#x1792;&#x17C0;&#x1794;&#x1794;&#x179A;&#x17B7;&#x179F;&#x17D2;&#x1790;&#x17B6;&#x1793;&#x1785;&#x17C6;&#x1780;&#x17B6;&#x179A;&#x17A7;&#x179F;&#x17D2;&#x179F;&#x17B6;&#x17A0;&#x1780;&#x1798;&#x17D2;&#x1798;&#x179F;&#x17D2;&#x179C;&#x17B6;&#x1799;&#x1785;&#x1793;&#x17D2;&#x1791;&#x17B8;&#x1787;&#x17B6;&#x1798;&#x17BD;&#x1799;&#x1796;&#x17D2;&#x179A;&#x17C3;&#x1792;&#x1798;&#x17D2;&#x1798;&#x1787;&#x17B6;&#x178F;&#x17B7;&#x179A;&#x17B7;&#x1785;&#x179A;&#x17B7;&#x179B;&#x1793;&#x17C5;&#x178F;&#x17B6;&#x1798;&#x1794;&#x178E;&#x17D2;&#x178A;&#x17C4;&#x1799;&#x1795;&#x17D2;&#x179B;&#x17BC;&#x179C;&#x1787;&#x17B6;&#x178F;&#x17B7;&#x179B;&#x17C1;&#x1781;&#x17E4; &#x1793;&#x17B7;&#x1784;&#x1796;&#x17D2;&#x179A;&#x17C3;&#x1792;&#x1798;&#x17D2;&#x1798;&#x1787;&#x17B6;&#x178F;&#x17B7;</subfield>
  </datafield>
  <datafield tag="260" ind1=" " ind2=" ">
    <subfield code="a">Phnom Penh</subfield>
    <subfield code="b">RUA</subfield>
    <subfield code="c">1997</subfield>
  </datafield>
  <datafield tag="300" ind1=" " ind2=" ">
    <subfield code="a">82p.</subfield>
    <subfield code="b">ill.</subfield>
    <subfield code="c">29cm.</subfield>
  </datafield>
  <datafield tag="942" ind1=" " ind2=" ">
    <subfield code="2">ddc</subfield>
    <subfield code="c">FOR</subfield>
  </datafield>
  <datafield tag="999" ind1=" " ind2=" ">
    <subfield code="c">3130</subfield>
    <subfield code="d">3130</subfield>
  </datafield>
  <datafield tag="952" ind1=" " ind2=" ">
    <subfield code="0">0</subfield>
    <subfield code="1">0</subfield>
    <subfield code="2">ddc</subfield>
    <subfield code="4">0</subfield>
    <subfield code="6">FOR_NHE_1997_000000000000000_B123_OR_1</subfield>
    <subfield code="7">0</subfield>
    <subfield code="9">14764</subfield>
    <subfield code="a">LBB</subfield>
    <subfield code="b">LBB</subfield>
    <subfield code="c">B123</subfield>
    <subfield code="d">2015-11-04</subfield>
    <subfield code="o">FOR NHE 1997 B123 Or.1</subfield>
    <subfield code="p">RUA010993</subfield>
    <subfield code="r">2015-11-04</subfield>
    <subfield code="w">2015-11-04</subfield>
    <subfield code="y">FOR</subfield>
  </datafield>
  <datafield tag="952" ind1=" " ind2=" ">
    <subfield code="0">0</subfield>
    <subfield code="1">0</subfield>
    <subfield code="2">ddc</subfield>
    <subfield code="4">0</subfield>
    <subfield code="6">FOR_NHE_1997_000000000000000_B123_OR_2</subfield>
    <subfield code="7">0</subfield>
    <subfield code="9">14765</subfield>
    <subfield code="a">LBB</subfield>
    <subfield code="b">LBB</subfield>
    <subfield code="c">B123</subfield>
    <subfield code="d">2015-11-04</subfield>
    <subfield code="o">FOR NHE 1997 B123 Or.2</subfield>
    <subfield code="p">RUA010702</subfield>
    <subfield code="r">2015-11-04</subfield>
    <subfield code="w">2015-11-04</subfield>
    <subfield code="y">FOR</subfield>
  </datafield>
  <datafield tag="952" ind1=" " ind2=" ">
    <subfield code="0">0</subfield>
    <subfield code="1">0</subfield>
    <subfield code="2">ddc</subfield>
    <subfield code="4">0</subfield>
    <subfield code="6">FOR_NHE_1997_000000000000000_B123_OR_3</subfield>
    <subfield code="7">0</subfield>
    <subfield code="9">14766</subfield>
    <subfield code="a">LBB</subfield>
    <subfield code="b">LBB</subfield>
    <subfield code="c">B123</subfield>
    <subfield code="d">2015-11-04</subfield>
    <subfield code="l">1</subfield>
    <subfield code="o">FOR NHE 1997 B123 Or.3</subfield>
    <subfield code="p">RUA010722</subfield>
    <subfield code="r">2023-10-18</subfield>
    <subfield code="s">2023-10-02</subfield>
    <subfield code="w">2015-11-04</subfield>
    <subfield code="y">FOR</subfield>
  </datafield>
  <datafield tag="952" ind1=" " ind2=" ">
    <subfield code="0">0</subfield>
    <subfield code="1">0</subfield>
    <subfield code="2">ddc</subfield>
    <subfield code="4">0</subfield>
    <subfield code="6">FOR_NHE_1997_000000000000000_B123_OR_4</subfield>
    <subfield code="7">0</subfield>
    <subfield code="9">14767</subfield>
    <subfield code="a">LBB</subfield>
    <subfield code="b">LBB</subfield>
    <subfield code="c">B123</subfield>
    <subfield code="d">2015-11-04</subfield>
    <subfield code="o">FOR NHE 1997 B123 Or.4</subfield>
    <subfield code="p">RUA010794</subfield>
    <subfield code="r">2015-11-04</subfield>
    <subfield code="w">2015-11-04</subfield>
    <subfield code="y">FOR</subfield>
  </datafield>
  <datafield tag="952" ind1=" " ind2=" ">
    <subfield code="0">0</subfield>
    <subfield code="1">0</subfield>
    <subfield code="2">ddc</subfield>
    <subfield code="4">0</subfield>
    <subfield code="6">FOR_NHE_1997_000000000000000_B123_OR_5</subfield>
    <subfield code="7">0</subfield>
    <subfield code="9">15003</subfield>
    <subfield code="a">LBB</subfield>
    <subfield code="b">LBB</subfield>
    <subfield code="c">B123</subfield>
    <subfield code="d">2015-11-06</subfield>
    <subfield code="o">FOR NHE 1997 B123 Or.5</subfield>
    <subfield code="p">RUA035313</subfield>
    <subfield code="r">2015-11-06</subfield>
    <subfield code="w">2015-11-06</subfield>
    <subfield code="y">FOR</subfield>
  </datafield>
</record>
